Updated Top 5 Cities in South Dakota by Population - Statistics

General Stats
  • This quiz has been taken 52 times
  • The average score is 4 of 5
Answer Stats
County City % Correct
Pennington Sioux Falls
97%
Minnehaha Rapid City
91%
Brown Aberdeen
64%
--------- Brookings
58%
Codington Watertown
58%
No matching quizzes found
Score Distribution
Percent of People with Each Score
Percentile by Number Answered
Your Score History
You have not taken this quiz